Mental Health Nursing Practical Record Book (Record no. 249161)

MARC details
000 -LEADER
fixed length control field 00352pam a2200133a 44500
008 - FIXED-LENGTH DATA ELEMENTS--GENERAL INFORMATION
fixed length control field 230405s2011 xxu||||| |||| 00| 0 eng d
020 ## - INTERNATIONAL STANDARD BOOK NUMBER
International Standard Book Number 9350252015
Terms of availability Rs. 175
082 ## - DEWEY DECIMAL CLASSIFICATION NUMBER
Classification number 616.89
Item number SRE
100 ## - MAIN ENTRY--PERSONAL NAME
Personal name Sreevani, R.
245 ## - TITLE STATEMENT
Title Mental Health Nursing Practical Record Book
260 ## - PUBLICATION, DISTRIBUTION, ETC.
Place of publication, distribution, etc. New Delhi
Name of publisher, distributor, etc. Jaypee Pub
Date of publication, distribution, etc. 2011
300 ## - PHYSICAL DESCRIPTION
Extent 284 p
906 ## - LOCAL DATA ELEMENT F, LDF (RLIN)
a 000415

No items available.